000 00244nam a2200097Ia 4500
005 20251222114350.0
008 251222s1900||||xx |||||||||||||| ||spa||
082 _aDVD0070/D98/2003
245 0 _aEl Sr. Ibrahim y las flores del corĂ¡n:
942 _cDVD
999 _c1224
_d1224